Психология труда (Запис № 321292)

МАРК-запис
000 -Лідер
fixed length control field 00590nam a22002417a 4500
003 - Ідентифікатор контрольного номера
control field UA-OsUOA
001 - Контрольний номер
control field 34858
007 - Фіксоване поле фізичного опису
fixed length control field ta
008 - Елементи даних фіксованої довжини – загальна інформація
fixed length control field 20051024b un ||||| |||| 00| 0 ukr d
090 ## - Локальний шифр розміщення
Класифікаційний індекс УДК 159.944(075.8)
Авторський знак (НП) Л84
040 ## - Джерело каталогізації
Агенція оригінальної каталогізації UA-OsUOA
Мова каталогізації rus
Агенція, яка здійснювала перезапис UA-OsUOA
Агенція, яка здійснювала модифікацію UA-OsUOA
041 ## - Код мови
Код мови тексту/ звукової доріжки чи окремого заголовка (П) rus
080 ## - Індекс Універсальної десяткової класифікації
Індекс Універсальної десяткової класифікації (УДК) (НП) 159.944(075.8)
020 ## - Міжнародний стандартний книжковий номер (ISBN)
Міжнародний стандартний книжковий номер (ISBN) (НП) 966-608-455-4
100 ## - Основне введення – ім’я особи
Ім’я особи (НП) Лукашевич Н.П.
245 ## - Відомості про назву
Назва (НП) Психология труда
260 ## - Публікація, розповсюдження і т.п. (Вихідні дані)
Місце публікації, розповсюдження і т.п. (П) К.
Ім’я/ наймення видавництва, розповсюджувача і т.п. (П) МАУП
Дата публікації, розповсюдження і т.п. (П) 2004
300 ## - Фізичний опис
Обсяг 112 с.
650 #7 - Додаткове предметне введення – тематичний термін
Тематичний термін чи географічна назва, як елемент введення (НП) 159.9 Психологія
Джерело заголовка чи терміна UDC
942 ## - Додаткові елементи входу (Коха)
Тип елемента Koha Книги
955 ## - Код типу видання за змістом
Код типу видання за змістом (НП) Навчальні видання
Фонди
Стан вилучень Стан втрат Джерело класифікації або схеми стелажів Стан уражень Не для кредиту Постійне місце розташування Поточне розміщення Дата придбання Джерело придбання Вартість, звичайна ціна покупки Інвентарний номер Усього замовленно Повний номер виклику Штрих-код Дата останнього перегляду Ціна ефективна від Тип елемента Koha Дата останньої перевірки Усього утримується
    Universal Decimal Classification     АБ - Абонемент НБ АБ - Абонемент НБ 24/10/2005 121/2005 9.60 88251   159.944(075.8) Л84 88251 02/11/2021 24/10/2005 Книги    
    Universal Decimal Classification     АБ - Абонемент НБ АБ - Абонемент НБ 24/10/2005 121/2005 9.60 88252 1 159.944(075.8) Л84 88252 02/11/2021 24/10/2005 Книги 13/11/2019  
    Universal Decimal Classification     АБ - Абонемент НБ АБ - Абонемент НБ 24/10/2005 121/2005 9.60 88253 1 159.944(075.8) Л84 88253 11/04/2025 24/10/2005 Книги 05/04/2024  
Withdrawn   Universal Decimal Classification   Not For Loan АБ - Абонемент НБ АБ - Абонемент НБ 24/10/2005 121/2005 9.60 88254   159.944(075.8) Л84 88254 13/07/2019 24/10/2005 Книги   1
    Universal Decimal Classification     АБ - Абонемент НБ АБ - Абонемент НБ 24/10/2005 121/2005 9.60 88255   159.944(075.8) Л84 88255 02/11/2021 24/10/2005 Книги    
    Universal Decimal Classification     ЧЗ - Читальна зала ЧЗ - Читальна зала 24/10/2005 121/2005 9.60 88223   159.944(075.8) Л84 88223 07/02/2022 24/10/2005 Книги    
    Universal Decimal Classification     ЧЗ - Читальна зала ЧЗ - Читальна зала 24/10/2005 121/2005 9.60 88224   159.944(075.8) Л84 88224 09/02/2022 24/10/2005 Книги    
    Universal Decimal Classification     ЧЗ - Читальна зала ЧЗ - Читальна зала 24/10/2005 121/2005 9.60 88225   159.944(075.8) Л84 88225 07/02/2022 24/10/2005 Книги    
    Universal Decimal Classification     ЧЗ - Читальна зала ЧЗ - Читальна зала 24/10/2005 121/2005 9.60 88226   159.944(075.8) Л84 88226 07/02/2022 24/10/2005 Книги    
    Universal Decimal Classification     ЧЗ - Читальна зала ЧЗ - Читальна зала 24/10/2005 121/2005 9.60 88227   159.944(075.8) Л84 88227 09/02/2022 24/10/2005 Книги